000 00555nam a22001817a 4500
005 20240111104410.0
008 231102b |||||||| |||| 00| 0 eng d
020 _a0406510415
041 _aEnglish
082 _a346.6 PEN
100 _aPennington, RR
_lEnglish
245 _aPennington's Company Law /
_cRR Pennington
250 _aSixth Edition
260 _aLondon :
_bButterworth and Co (Publishers) Ltd,
_c1990
300 _blxxxii, 802 pages ;
_c25,5 cm.
650 _aLegal practice
_bLaw
942 _cBK
_6ALISON_BN_VRIES
999 _c242
_d242